| 000 | 00603pam a2200193 i 4500 | ||
|---|---|---|---|
| 001 | 3245425 | ||
| 005 | 20260422075922.0 | ||
| 008 | 801218s1981 maua b 001 0 eng | ||
| 010 | _a 80028356 | ||
| 020 | _a0876260237 | ||
| 082 | 0 | 0 | _a320.973 ARN |
| 100 | 1 |
_aAranson, Peter H., _d1943- |
|
| 245 | 1 | 0 |
_aAmerican Government : _bstrategy and choice / _cPeter H. Aranson. |
| 260 |
_aCambridge, Mass. : _bWinthrop Publishers, _cc1981. |
||
| 300 |
_axiii, 689 p. : _bill. ; _c24 cm. |
||
| 650 | 0 |
_aPolitical science _xDecision making. |
|
| 651 | 0 |
_aUnited States _xPolitics and government. |
|
| 942 |
_2ddc _cBK |
||
| 999 |
_c571 _d571 |
||